000 00358nam a22001451a 4500
020 _a9789350740231
082 _a338.479 1
_bAMR/H
100 _aAmrita Bhagnani
245 _aHandbook of tourism/
_cby Amrita Bhagnani
260 _aDelhi:
_bAbhijeet Publications,
_c2012.
300 _a272p.
650 _aTourism
650 _aSocial Sciences
942 _cBK
999 _c17024
_d17024